Statistiken für Alle Pokémon von "Ash Ketchum"

Klicken Sie hier um das Quiz zu spielen!

Allgemein

  • Dieses Quiz wurde 31 mal gespielt
  • Das Durchschnittsergebnis liegt bei 39 aus 103

Antwortstatistiken

Attacken
(falls bekannt)
TypPokémon% Korrekt
Donner / Volttackle / Eisenschweif
Ruckzuckhieb
Pikachu
100%
Fliegen / Flügelschlag
Hitzekoller / Geowurf
Stahlflügel / Drachenwut
🔥 + 🐦Glurak
96%
Aquaknarre / Schädelwumme
Tackle / Blubbstrahl / Blubber
Panzerschutz / Hydropumpe
Turbodreher
💧Schiggy
96%
Tackle / Bodycheck / Egelsamen
Rasierblatt / Rankenhieb
Solarstrahl / Schlafpuder
Wirbelwind / Schaufler
🌿 + ☠Bisasam
92%
Silberblick / Glut / Tackle
Feuerwirbel / Flammenwurf
🔥Glumanda
92%
Raserei / Schädelwumme
Schlitzer / Feuerodem
Drachenrute / Bodycheck
🔥Glutexo
88%
Schlafpuder / Wirbelwind
Stachelspore
🐞 + 🐦Smettbo
85%
Härtner🐞Safcon
81%
Fadenschuss / Tackle🐞Raupy
77%
Ruckzuckhieb / Flügelschlag
Risikotackle / Wirbelwind
✳ + 🐦Tauboss
77%
Nachtnebel / Giga - Spuksperre
Irrlicht / Eishieb / Spukball
👻 + ☠Gengar
65%
Windstoß / Schnabel / Sandwirbel✳ + 🐦Tauboga
65%
Geofissur / Bodycheck
Hornattacke / Doppelteam
Tauros (30 Stk.)
65%
Glut / Kratzer / Feuerwirbel🔥Panflam
62%
Schlecker👻 + ☠Alpollo
58%
Pfund / Slam🌿Geckarbor
58%
Solarstrahl / Agilität
Blättersturm
🌿Gewaldro
58%
Tackle / Rasierblatt🌿Chelast
54%
Rankenhieb / Tackle
Lockduft
🌿Endivie
54%
Flammenwurf / Tackle
Rauchwolke / Agilität
🔥Feurigel
54%
Kratzer / Biss / Aquaknarre
Kopfnuss / Schädelwumme
Grimasse / Silberblick
💧Karnimani
54%
Tempohieb / Flammenblitz
Feuerschlag
🔥 + 👊Panferno
54%
Flammenrad / Schaufler
Flammenwurf
🔥 + 👊Panpyro
54%
Schnabel / Ruckzuckhieb
Doppelteam
✳ + 🐦Schwalbini
54%
Flügelschlag / Aero - Ass
Luftschnitt
✳ + 🐦Schwalboss
54%
Drachentanz / Drachenklaue
Orkan / Hyperstrahl / Draco Meteor
🐲 + 🐦Dragoran
50%
Ultraschall / Aquaknarre / Eishieb
Wasserdüse / Aquawelle
💧Bamelin
46%
Stampfer / Krabbhammer
Aquaknarre / Hyperstrahl
💧Kingler
46%
Klammer / Blubber
Härtner / Silberblick
💧Krabby
46%
Rasierblatt / Bodyslam
Kopfnuss / Solarstrahl
🌿Lorblatt
46%
Zerschneider / Aero - Ass
Wasser - Shuriken
💧 + 🌜Quajutsu
46%
Bodyslam / Kopfnuss / Megahieb
Megakick / Hyperstrahl / Eishieb
Tackle / Schutzschild / Erholung
Relaxo
46%
Ruckzuckhieb / Kugelsaat
Laubklinge
🌿Reptain
46%
Bodyslam / Giftwolke
Matschbombe
Sleimok
46%
Aero - Ass / Sturzflug / Nahkampf✳ + 🐦Staraptor
46%
Blubber / Pfund💧Froxy
42%
Gegenschlag / Aurasphäre
Stahlstrahl / Patronenhieb
👊 + 🚃Lucario
42%
Aquaknarre / Tackle / Kalkklinge
Wasserdüse / Hydropumpe
💧Ottaro
42%
Flammenwurf / Hitzekoller
Eisenabwehr / Bodyslam
Hitzewelle
🔥Qurtel
42%
Tackle / Hornattacke / Ausdauer
Silberblick / Bodycheck
Furienschlag / Kratzfurie
Vielender / Schlafrede
Hyperstrahl / Power - Punch
🐞 + 👊Skaraborn
42%
Flügelschlag / Windstoß✳ + 🐦Staralili
42%
Blattwerk / Tackle / Schnabel
Hyper - Sprintangriff / Sturzflug
Brilliante Blütenpracht
/ Rasierblatt / Daunenreigen
Samenbomben
🌿 + 🐦Bauz
38%
Duonadel🐞 + ☠Bibor
38%
Ruckzuckhieb / Wirbelwind✳ + 🐦Staravia
38%
Synthese / Biss / Energieball🌿Chelcarain
35%
Kraxler / Blättersturm
Flora - Statue
🌿 + 🏜Chelterrar
35%
Nitroladung / Feuersäulen
Durchbruch
🔥 + 👊Ferkokel
35%
Sternschauer / Ruckzuckhieb
Flammenrad / Eruption
Aero - Ass
🔥Igelavar
35%
Eisstrahl / Aquaknarre💧 + ❄Lapras
35%
Tackle / Einigler / Kraftreserve🏜Phanpy
35%
Aquawelle / Doppelteam💧Amphizel
31%
Doppelteam / Schnabel✳ + 🐦Dartiri
31%
Glut / Kratzer🔥Flamiau
31%
Glut / Tackle / Flammenwurf🔥Floink
31%
Vergeltung / Feuersturm
Dark Lariat
🔥 + 🌜Fuegro
31%
Kratzer / Sternschauer
Power - Punch / Doppelteam
Kratzfurie
Griffel
31%
Schaufler / Draco Meteor
Drachenpuls / Zertrümmerer
🐲 + 🏜Kaumalat
31%
Schnabel / Hypnose / Gesichte
Wirbelwind / Windstoß / Tackle
Konfusion / Himmelsfeger
Sondersensor / Luftschnitt
✳ + 🐦Noctuh
31%
Fuchtler / Kratzer / Geowurf
Megakick
👊Rasaff
31%
Sprungkick / Superzahn
Hyperzahn
Rattikarl
31%
Karateschlag / Turmkick
Flying Press / Kreuzschere
👊 + 🐦Resladero
31%
Doppelteam / Kraftwelle
Vakuumwelle
👊Riolu
31%
Walzer / Bodycheck / Erdbeben
Hyperstrahl
🏜Donphan
27%
Ruckzuckhieb✳ + 🐦Dusselgurr
27%
Superschall / Tackle🐦 + 🐲eF -eM
27%
Nitroladung / Sturzflug🔥 + 🐦Fiaro
27%
Feuerzahn / Hyper - Sprintangriff
Nitroladung
🔥Miezunder
27%
Anziehung / Rankenhieb
Blättersturm / Laubklinge
🌿Serpifeu
27%
Akrobatik / Überschallknall
Drachenklaue
🐦 + 🐲UHaFnir
27%
Eisstrahl / Drachenpuls🐲Viscogon
27%
Flügelschlag / Aero - Ass✳ + 🐦Fasasnob
23%
Krabbhammer / Blubbstrahl
Klammer / Härtner
Metallklaue / Wasserdüse
💧Krebscorps
23%
Knirscher / Aero - Ass
Drachenklaue
🏜 + 🌜Rabigator
23%
Stahlflügel / Feuerzahn
Gigastoß / Steinkante
🏜 + 🐦Skorgro
23%
Gigavolt - Funkensalve
Kreuzschere / Matschbombe
Drachenpuls
☠ + 🐲Agoyon
19%
Klingensturm / Stahlflügel🔥 + 🐦Dartignis
19%
Nachthieb / Wirbler / Zornklinge✳ + 🐦Galar -Porenta
19%
Kreideschrei / Kraftreserve
Härtner / Biss / Schaufler
⛰ + 🏜Larvitar
19%
Energieball / Kreuzschere🐞 + 🌿Matrifol
19%
Windstoß / Windschnitt✳ + 🐦Navitaub
19%
Schaufler / Biss / Steinkante🏜 + 🌜Rokkaiman
19%
Kreuzschere /Sandwirbel
Kreideschrei
🏜 + 🐦Skorgla
19%
Regentanz🐲Viscora
19%
Biss / Tackle / Steinwurf
Hyper - Sprintangriff
Wuffels
19%
Teleport🧠Cosmog
15%
Kopfnuss /EisstrahlFirnontor
15%
Rasierblatt / Käferbiss🐞 + 🌿Folikon
15%
Energiefokus / Scanner
Sternensturm
👊Lauchzelot
15%
Aquaknarre / Kiemenbiss / Eiszahn
Drachenstoß
💧 + 🐲Pescragon
15%
Fadenschuss / Tackle🐞 +🌿Strawickl
15%
Apokalyptische Steinpresse
Turbofelsen / Steinkante / Konter
Fataler Steinregen
Wolwerock
15%
🧠Cosmovum
12%
Sandsturm / SteinkanteKiesling
12%
Lehmschuss / Superschall
Hydropumpe / Schlammwoge
💧 + 🏜Mebrana
12%
Lichtkanone / Donnerblitz
Panzerfäuste
🚃Melmetal
12%
Härtner / Kopfnuss🚃Meltan
12%
Pulverschnee / DoppelteamSchneppke
12%
Lichtkanone / Felswurf
Zertrümmerer
Sedimantur
12%
Schmetternde Sonnenwalze🧠 + 🚃Solgaleo
12%
Toxin / Furienschlag / DonnerblitzVenicro
8%
Silberblick / Kopfnuss / Turmkick
Fokusstoß
🌜 + 👊Zurrokex
8%
🧠Tobutz
0%
Geduld / Feuerodem🐲Viscargot
0%

Verteilung der Resultate

Perzentil nach korrekt beantworteten Fragen

Anzahl Personen mit jedem Resultat

Ihre Resultats-Entwicklung

Sie haben dieses Quiz noch nicht gespielt